| 000 | 00677nam a22001937a 4500 | ||
|---|---|---|---|
| 999 |
_c181613 _d181613 |
||
| 005 | 20210927154833.0 | ||
| 010 | _aUR-11249 | ||
| 020 |
_c100.00 _a9789390789122 |
||
| 035 | _aU-9804 | ||
| 037 | _bDBAD/PUB | ||
| 082 | _a270 | ||
| 100 | _aمحمد تا ج ا لد ين فخر فر يد ی | ||
| 245 |
_aنو ر ہد ا يت _cمحمد تا ج ا لد ين فخر فر يد ی |
||
| 246 |
_aNoor-e-Hidayat(Urdu) _bby Mohd. Tajuddin Fakhr Faridi |
||
| 260 |
_aDelhi _c2021 ء _bEducational Publishing House |
||
| 270 |
_a3191,Vakil Street,kucha pandit Lal kuan , _bDelhi _e110006 _l - |
||
| 300 |
_a72 ص _c22 Cm(Hb) |
||
| 942 |
_2ddc _cUR _h270 _mم ح م |
||